000 00768nam a2200217Ia 4500
001 17322
003 GE_BSU
008 181216s||||||||xx |||||||||||||| ||und||
040 _cGE_BSU
080 _a82-93:821.353.1-32
100 _aნინუა,ჯემალ
245 _aშენი ჯერიც დადგა
245 _b[მოთხრობები უფრ.სასკ. ასაკის ბავშვებისათვის]
245 _cრედ:ლოლა ქადაგიშვილი;მხატვ.:კ.ხინველი
260 _aთბილისი
260 _bნაკადული
260 _c1986
300 _a352გვ. ; 22სმ.
653 _aმოთხრობები
942 _cBK
999 _c50381
_d50381